Mahan shikshabidsakal aru shaikshik chintadharasamuh / (Record no. 11151)

MARC details
000 -LEADER
fixed length control field 00708nam a22002417a 4500
005 - DATE AND TIME OF LATEST TRANSACTION
control field 20210222140643.0
008 - FIXED-LENGTH DATA ELEMENTS--GENERAL INFORMATION
fixed length control field 210222b ||||| |||| 00| 0 eng d
020 ## - INTERNATIONAL STANDARD BOOK NUMBER
International Standard Book Number 9789382976769
040 ## - CATALOGING SOURCE
Original cataloging agency IN-DiNC
Transcribing agency IN-DiNC
041 ## - LANGUAGE CODE
Language code of sung or spoken text Assamese
082 ## - DEWEY DECIMAL CLASSIFICATION NUMBER
Classification number 370.92
Item number MAH
100 ## - MAIN ENTRY--PERSONAL NAME
Personal name Baruah, Jahnabi Lahkar
Relator term Author
245 ## - TITLE STATEMENT
Title Mahan shikshabidsakal aru shaikshik chintadharasamuh /
Statement of responsibility, etc. by Jahnabi Lahkar Baruah and others
250 ## - EDITION STATEMENT
Edition statement 1st ed.
260 ## - PUBLICATION, DISTRIBUTION, ETC.
Place of publication, distribution, etc. Golaghat:
Name of publisher, distributor, etc. Saraswati prakashan,
Date of publication, distribution, etc. 2020
300 ## - PHYSICAL DESCRIPTION
Extent 325p.
650 ## - SUBJECT ADDED ENTRY--TOPICAL TERM
Topical term or geographic name entry element Great educators
650 ## - SUBJECT ADDED ENTRY--TOPICAL TERM
Topical term or geographic name entry element Educational thoughts
700 ## - ADDED ENTRY--PERSONAL NAME
Personal name Das, Leela
Relator term Author
700 ## - ADDED ENTRY--PERSONAL NAME
Personal name Kalita, Utpal
Relator term Author
700 ## - ADDED ENTRY--PERSONAL NAME
Personal name Bora, Swapnali
Relator term Author
942 ## - ADDED ENTRY ELEMENTS (KOHA)
Source of classification or shelving scheme Dewey Decimal Classification
Koha item type Books
Holdings
Withdrawn status Lost status Source of classification or shelving scheme Damaged status Not for loan Collection code Home library Current library Shelving location Date acquired Cost, normal purchase price Total Checkouts Full call number Barcode Date last seen Date last checked out Copy number Price effective from Koha item type
    Dewey Decimal Classification     Education Central Library, Naharkatiya College Central Library, Naharkatiya College General Stacks 22/02/2021 230.00 9 370.92 MAH 28583 07/12/2022 11/11/2022 1 22/02/2021 Books
    Dewey Decimal Classification     Education Central Library, Naharkatiya College Central Library, Naharkatiya College General Stacks 22/02/2021 230.00 30 370.92 MAH 28584 29/12/2023 11/12/2023 2 22/02/2021 Books

Naharkatiya College © 2020. All rights reserved.

Powered By